No job for superman (Record no. 74121)
[ view plain ]
| 000 -LEADER | |
|---|---|
| fixed length control field | 01733cab a2200217 4500 |
| 001 - CONTROL NUMBER | |
| control field | ABS67425 |
| 008 - FIXED-LENGTH DATA ELEMENTS--GENERAL INFORMATION | |
| fixed length control field | 040205n2004 000 0 eng u |
| 035 ## - SYSTEM CONTROL NUMBER | |
| System control number | (Sirsi) u125046 |
| 100 ## - MAIN ENTRY--PERSONAL NAME | |
| Personal name | Bingham, T. |
| 245 ## - TITLE STATEMENT | |
| Title | No job for superman |
| 260 ## - PUBLICATION, DISTRIBUTION, ETC. | |
| Date of publication, distribution, etc. | 2004 |
| 490 ## - SERIES STATEMENT | |
| Series statement | Building |
| Volume/sequential designation | 269(8315) 16 January 2004, 66-67(2) |
| 520 ## - SUMMARY, ETC. | |
| Summary, etc. | Examines the system of settling construction disputes with reference to "Checkpoint Ltd v Strathclyde Pension Fund" ([2003] EWCA Civ 84, Abs...). Explains that England has an adversarial system for deciding disputes that has the parties challenging and testing the other party. Argues that it is a problem if the adjudicator is such an expert in what they already know that they are not flexible enough in their views. In the Checkpoint case, the CA said the question was whether the arbitrator was supplying evidence or adjudicating upon it. It was found that the arbitrator did not stray outside the issues joined between the parties as he used his own knowledge gained from his experience but only about the issues argued by A and B. The Housing Grants, Construction and Regeneration Act 1996 indicate that the adjudicator may take the initiative in ascertaining the facts and the law but only necessary to determine the dispute. |
| 590 ## - LOCAL NOTE (RLIN) | |
| Local note | ABS |
| 650 ## - SUBJECT ADDED ENTRY--TOPICAL TERM | |
| Topical term or geographic name entry element | CHECKPOINT LTD V STRATHCLYDE PENSION FUND |
| 650 ## - SUBJECT ADDED ENTRY--TOPICAL TERM | |
| Topical term or geographic name entry element | HOUSING GRANTS, CONSTRUCTION AND REGENERATION ACT 1996 |
| 650 ## - SUBJECT ADDED ENTRY--TOPICAL TERM | |
| Topical term or geographic name entry element | MANAGEMENT-DISPUTE AVOIDANCE, MANAGEMENT AND RESOLUTION-DISPUTE MANAGEMENT AND RESOLUTION-ALTERNATIVE DISPUTE RESOLUTION-ADJUDICATION |
| 650 ## - SUBJECT ADDED ENTRY--TOPICAL TERM | |
| Topical term or geographic name entry element | MANAGEMENT-DISPUTE AVOIDANCE, MANAGEMENT AND RESOLUTION-DISPUTE MANAGEMENT AND RESOLUTION-ARBITRATION |
| 690 ## - LOCAL SUBJECT ADDED ENTRY--TOPICAL TERM (OCLC, RLIN) | |
| Topical term or geographic name as entry element | Dispute resolution |
| 9 (RLIN) | 6236 |
| 942 ## - ADDED ENTRY ELEMENTS (KOHA) | |
| Suppress in OPAC | 0 |
| Withdrawn status | Lost status | Source of classification or shelving scheme | Damaged status | Not for loan | Home library | Current library | Shelving location | Date acquired | Total Checkouts | Full call number | Barcode | Date last seen | Copy number | Price effective from | Koha item type |
|---|---|---|---|---|---|---|---|---|---|---|---|---|---|---|---|
| Dewey Decimal Classification | London | London | Journal article | 05/02/2004 | ABS67425 | 125046-1001 | 06/08/2019 | 1 | 06/08/2019 | Journal article |